000 00843nam0a22002411 4500
001 rc\908439
005 20250622040416.0
035 _a(NLR Aleph) 006083329
090 _a5105641
_c5105641
100 _a20041129d1983 |||y0rusy50 ca
101 0 _arus
102 _aRU
105 _aa |||||||||
200 1 _aФортификация и маскировка убежища промышленного изготовления
_eМетод. пособие
_fТаллин. политехн. ин-т, Воен. каф.
_g[Сост. И.А. Савин, Б.Г. Чопенко]
210 _aТаллин
_cБ. и.
_d1983
215 _a60 с.
_cил.
_d20
320 _aБиблиогр.: с. 59
333 _aДСП. Экз. № 4
801 0 _aRU
_bNLR
_gpsbo
801 1 _aRU
_bELAR
_2rusmarc
852 _aNLR
_j83-50К/2519
942 _cBOOK
980 _aNB